| 000 | 00857nam a2200277 i 4500 | ||
|---|---|---|---|
| 001 | 8390 | ||
| 003 | ES-MaACL | ||
| 005 | 20250822035936.0 | ||
| 007 | t| | ||
| 008 | 920615s1991 sp ||||1| spa d | ||
| 020 | _a84-7658-309-5 | ||
| 080 | _a159.922 | ||
| 100 | 1 |
_aMartí Sala, Eduardo. _977238 |
|
| 245 | 1 | 0 |
_aPsicología evolutiva _b: teorías y ámbitos de investigación / _cEduardo Martí Sala. |
| 250 | _a[1ª ed.]. | ||
| 260 |
_aBarcelona : _bAnthropos, _c1991. |
||
| 300 |
_a319 p. ; _c20 cm. |
||
| 490 | 1 |
_aAutores, textos y temas. Psicología ; _v16 |
|
| 500 | _aIndices. | ||
| 500 | _aGlosario. | ||
| 504 | _aBibliogr. p.: 227-260. | ||
| 650 | 1 | 7 |
_aPsicología evolutiva _2embne _916563 |
| 830 | 0 | 0 |
_aAutores, textos y temas. _pPsicología _v16 _9177279 |
| 852 |
_aES-MaACL _jL-15767 _bR.119885 |
||
| 999 |
_c8390 _d8390 |
||